01420cam a2200301 a 450000100100000000500170001000800410002704000250006808200220009310000520011524501850016726000360035230000390038850400330042750500210046050000370048160000410051865100640055965100620062370000380068570000370072370000370076091000390079704900090083695201260084595201320097199900150110300000694120240302073956.0870608s1986 cu a b 000 0bspa  aDO-SdBNPbspacBNPHU a923.57293bG633Bu1 aBuznego Rodríguez, Enrique,d1853-189591926310aMayor general Máximo Gómez Báez :bsus campañas militares /cEnrique Buznego Rodríguez, Gustavo Pedroso Xiqués, Rolando Zulueta Zulueta ; edición Elsa Pérez Guerra. aLa Habana :bPolítica,c1986. av. :bil., mapas, retrs. ;c23 cm. aBibliografía : p. 271-277.0 av. 2. 1895-1898. aLa biblioteca posee el volumen 210aGómez, Máximo,d1836-1905912249 4aCubaxHistoriayGUERRA DE LOS DIEZ AÑOS, 1868-1878911018 4aCubaxHistoriayGUERRA DE INDEPENDENCIA, 1895-18989110191 aPedroso Xiqués, Gustavo.9192641 aZulueta Zulueta, Rolando.9192651 aPérez Guerra, Elsaeed.919266 aValidado. Control de calidad BNPHU aBNPD 001050718MOaPDbPDcHDd2009-09-03iLF1l0o923.57293 G633Bu | v. 2p6941-10r2020-06-25w2020-06-25y1ZNo se presta 001050718MOaPDbPDcHDd2011-04-01iLF1l0o923.57293 G633Bu | v. 2, e. 2p6941-20r2020-06-25w2020-06-25y1ZNo se presta c6725d6725